Perspektívy rozvoja dobrovoľníckeho cestovného ruchu na Slovensku zborník vedeckých prác

Gespeichert in:
Bibliographische Detailangaben
Körperschaft: Univerzita Mateja Bela v Banskej Bystrici. Ekonomická fakulta
Weitere Verfasser: Pompurová, Kristína, Marčeková, Radka
Format: Buch
Sprache:Slowakisch
Englisch
Veröffentlicht: Banská Bystrica Belianum 2018
Ausgabe:1. vydanie
Schlagworte:
Tags: Tag hinzufügen
Keine Tags, Fügen Sie das erste Tag hinzu!

MARC

LEADER 00000nlm a2200000 4500
001 0252901
005 20240827073127.7
020 |a 978-80-557-1504-9 
041 0 |a slo 
041 0 |a eng 
044 |a SK 
245 1 0 |a Perspektívy rozvoja dobrovoľníckeho cestovného ruchu na Slovensku  |b zborník vedeckých prác  |c editori: Kristína Pompurová, Radka Marčeková 
250 |a 1. vydanie 
264 1 |a Banská Bystrica  |b Belianum  |c 2018 
300 |a CD-ROM 105 s. 
610 2 0 |a ruch cestovný 
610 2 0 |a dobrovoľníctvo 
610 2 0 |a vývoj 
610 2 0 |a prognózy 
610 2 0 |a motivácia 
610 2 0 |a aktivita spoločenská 
610 2 0 |a aktivita pracovná 
610 2 0 |a mestá 
610 2 0 |a projekty 
610 2 0 |a kultúra 
610 2 0 |a kancelárie cestovné 
610 2 0 |a agentúry 
610 2 0 |a Slovensko 
700 1 |a Pompurová, Kristína 
700 1 |a Marčeková, Radka 
710 2 |a Univerzita Mateja Bela v Banskej Bystrici. Ekonomická fakulta